000
00307 a2200145 4500
001
172326
020
_a
040
_c
Magnum
100
_a
Bueno, Maria Celia
240
1
0
_a
Quem cura o caracol?
_l
por
245
1
0
_a
Quem cura o caracol?
362
0
_a
1995
697
_a
LITERATURA INFANTIL
942
_c
BK
999
_c
172326
_d
172326